[Event "FRA-ch du Nord"]
[Site "France"]
[Date "2003.04.15"]
[Round "7"]
[White "Monnet, Jean Paul"]
[Black "Dupont, Daniel Noel"]
[Result "1-0"]
[WhiteElo "1570"]
[BlackElo "1500"]
[PlyCount "143"]
[EventDate "2003.04.12"]
[EventType "swiss"]
[EventRounds "7"]
[EventCountry "FRA"]
[SourceTitle "EXT 2008"]
[Source "ChessBase"]
[SourceDate "2007.11.25"]
[SourceVersion "1"]
[SourceVersionDate "2007.11.25"]
[SourceQuality "1"]

1. e4 e6 2. d3 c5 3. g3 Nc6 4. Bg2 e5 5. Nf3 d6 6. 0-0 Bg4 7. h3 Bh5 8. Nc3 Be7 9. Nd5 Nf6 10. Ne3 d5 11. exd5 Nxd5 12. Nxd5 Qxd5 13. Re1 Nd4 14. g4 Bg6 15. Nxe5 Qd6 16. Bxb7 Rb8 17. Bg2 Kf8 18. Bf4 Rd8 19. Nxg6+ Qxg6 20. Be3 h5 21. Bxd4 Rxd4 22. Qe2 Qd6 23. gxh5 g6 24. hxg6 fxg6 25. Qf3+ Rf4 26. Qa8+ Kg7 27. Qxa7 Kf6 28. Qb7 Rf5 29. Re3 Rg5 30. Kf1 Rb8 31. Qc6 Rxb2 32. Qxd6+ Bxd6 33. Re2 Re5 34. Be4 Rb8 35. a4 Rh8 36. Bg2 Rxe2 37. Kxe2 Re8+ 38. Be4 c4 39. a5 Re7 40. a6 Bc5 41. Ra4 cxd3+ 42. cxd3 Ba7 43. Rc4 g5 44. Kf3 Rg7 45. Rc6+ Ke5 46. Kg2 Bd4 47. f3 Kf4 48. Rc4 Ba7 49. Rc8 Ke5 50. Kf1 Kf4 51. Ke2 Kg3 52. Rh8 Bd4 53. Rh5 Bc5 54. Kd2 Ba7 55. Kc3 Kf4 56. Kb4 Rc7 57. Kb5 Rc5+ 58. Kb4 Rc8 59. Rh7 Rb8+ 60. Ka5 Bb6+ 61. Ka4 Kg3 62. a7 Bxa7 63. Rxa7 Kxh3 64. Rb7 Ra8+ 65. Kb4 Ra1 66. Kc3 Kg3 67. Rb2 Kf4 68. Rg2 Ra5 69. Kb4 Ra7 70. Kc4 Ra5 71. Kd4 Re5 72. Rg4# 1-0